000 00605nam a2200169 a 4500
008 120416s1957 ||||||||||||||||| || u
050 _aHD 82 Und
100 _aShannon, Lyle W
245 1 0 _aUnderdeveloped areas
_cedited by Lyle W. Shannon
246 _aa book of readings and research
260 _aNew York
_bHarper
_c(1957)
300 _axi, 496p. : ill.
350 _a0.00
650 0 _aECONOMICS
650 _aECONOMIC DEVELOPMENT--RESEARCH
995 _D0.00
_FCBU-MAIN LIBRARY (Kitwe)
_H1
_I0.00
_M1
_UAVAILABLE
_ZAnnex Low-Usage Collection
999 _c60632
_d60632